000 00929nam a2200205 i 4500
001 bg
245 0 _aWłaściwości mechaniczne materiałów rolniczych. =
_bMechanical properties of agricultural materials : transactions from the 10th Polish- Hungarian Symposium Lublin, September 4-6, 1990Z. 397.
260 _aLublin :
_bInstytut Agrofizyki,
_c1991.
300 _a73 s. :
_brys., wykr. ;
_c24 cm.
490 1 _aZeszyty Problemowe Postępów Nauk Rolniczych / Polska Akademia Nauk. Wydział Nauk Rolniczych i Leśnych,
_x0084-5477 ;
_vz. 397
710 _aPOLSKA AKADEMIA NAUK. Wydział Nauk Rolniczych
830 0 _aZeszyty Problemowe Postępów Nauk Rolniczych (Polska Akademia Nauk. Wydział Nauk Rolniczych i Leśnych) ;
_vz. 397
020 _a8390034727
040 _cBPK
041 _apol
080 _a631.4:63:539.3/.6(061.3)
920 _a83-900347-2-7
942 _cKS
008 s pl f |000 0 pol
999 _c5948
_d5948
856 _uhttp://koha.tu.koszalin.pl/cgi-bin/koha/opac-detail.pl?biblionumber=5948
_yKatalog online BPK